000 00571nam a2200157 a 4500
001 000040959
005 20240305083702.0
008 130912s1902 ng 000 0 spa d
040 _aDO-SdBNP
_bspa
_cBNPHU
082 _axxx
_bxxxx
100 1 _aAngulo Guridi, Alejandro,
_d1823-1906
_922243
245 1 0 _aObservaciones criticas. :
_bsobre un libro de Mr. D. I. Burton /
_cAlejandro Angulo Guridi.
260 _aManagua, Nicaragua :
_bTipografía Nacional,
_c1902.
300 _a205 p. ;
_c20 cm.
500 _aPerteneció a la biblioteca personal de Carlos Larrazábal Blanco.
999 _c40449
_d40449